00754nam a22001337a 4500008004100000020001500041050001500056100001900071245010700090260004000197300002300237505034100260700001900601150429b xxu||||| |||| 00| 0 eng d a014021657x aHV6089.C64 aCohen, Stanley aPsychological survival: bthe experience of long-term imprisonment. /cStanley Cohen and Laurie Taylor aLondon:bPenguin books Ltd,cc1972. a216p.bill;c18cm. aContents: Getting into a maximum security wing -- Survival in extreme situations -- The Closed emotional world of the security wing -- Time and deterioration -- History, authority and solidarity -- Making out and fighting back -- Identities, biographies and ideologies -- Taking sides -- Appendix: The Story of another research project. aTaylor, Laurie